Sporcle Sevensomes Grab Bag Quiz Stats

 Plays Quiz Updated Mar 19, 2018

Score 0/105 Timer 16:00
6 Plays Today
Hint Answer % Correct
Holiday
Days of the Week
Monday
93.2%
Holiday
Days of the Week
Tuesday
93%
Holiday
Days of the Week
Thursday
92.8%
Holiday
Days of the Week
Friday
92.8%
Holiday
Days of the Week
Wednesday
92.8%
Holiday
Days of the Week
Saturday
92.6%
Holiday
Days of the Week
Sunday
92.7%
Gaming
Monopoly Money Denominations
$1
92.3%
Gaming
Monopoly Money Denominations
$10
92.2%
Entertainment
The Seven Dwarfs
Doc
92.2%
Gaming
Monopoly Money Denominations
$100
92.1%
Gaming
Monopoly Money Denominations
$20
92%
Gaming
Monopoly Money Denominations
$5
92%
Gaming
Monopoly Money Denominations
$50
91.8%
Entertainment
The Seven Dwarfs
Sleepy
91.2%
Gaming
Monopoly Money Denominations
$500
90.9%
Entertainment
The Seven Dwarfs
Grumpy
89.4%
JFF
Big Mac Ingredients (Jingle)
Lettuce
88.4%
JFF
Big Mac Ingredients (Jingle)
Sesame Seed Bun
87%
JFF
Big Mac Ingredients (Jingle)
Two All Beef Patties
87%
Entertainment
The Seven Dwarfs
Happy
86.9%
Entertainment
The Seven Dwarfs
Dopey
86.2%
Entertainment
The Seven Dwarfs
Sneezy
85.8%
Languages
Vowels in the Greek Alphabet
Alpha
84.1%
JFF
Big Mac Ingredients (Jingle)
Special Sauce
80.6%
Entertainment
The Seven Dwarfs
Bashful
80.2%
JFF
Big Mac Ingredients (Jingle)
Cheese
78.8%
JFF
Big Mac Ingredients (Jingle)
Pickles
78.2%
JFF
Big Mac Ingredients (Jingle)
Onions
76.7%
Geography
Central American Countries
Panama
76.5%
Religion
Deadly Sins
Greed
75.9%
Literature
Harry Potter Book Titles
… the Philosopher's Stone
74.1%
Languages
Vowels in the Greek Alphabet
Omega
72.1%
Religion
Deadly Sins
Sloth
72%
Religion
Deadly Sins
Lust
71.8%
Hint Answer % Correct
Religion
Deadly Sins
Gluttony
71.6%
Religion
Deadly Sins
Envy
69.4%
Literature
Harry Potter Book Titles
… the Prisoner of Azkaban
68.3%
History
Wonders of the Ancient World
Hanging Gardens of Babylon
67.1%
Geography
Central American Countries
Costa Rica
66.1%
Literature
Harry Potter Book Titles
… The Deathly Hallows
66%
Literature
Harry Potter Book Titles
… The Goblet of Fire
65.9%
Geography
Central American Countries
Honduras
65.7%
Literature
Harry Potter Book Titles
… the Chamber of Secrets
65.4%
Geography
Central American Countries
Guatemala
64.8%
Literature
Harry Potter Book Titles
… The Half-Blood Prince
63.9%
Geography
Central American Countries
Nicaragua
63.7%
History
Wonders of the Ancient World
Great Pyramids of Giza
62.1%
Geography
Central American Countries
El Salvador
61.7%
Geography
Central American Countries
Belize
61.7%
Languages
Vowels in the Greek Alphabet
Epsilon
61.6%
Television
Gilligan's Island Castaways
Gilligan
59.9%
Literature
Harry Potter Book Titles
… The Order of the Phoenix
59%
Music
Peter and the Wolf Characters/Instruments
Peter (Strings)
56.5%
Religion
Deadly Sins
Wrath
55.3%
Sports
Heptathlon Events
Long Jump
54.2%
Sports
Heptathlon Events
Javelin throw
53.1%
Sports
Heptathlon Events
High Jump
52.2%
Music
Peter and the Wolf Characters/Instruments
Bird (Flute)
51.7%
Television
Gilligan's Island Castaways
Ginger 'The Movie Star' Grant
50.8%
Religion
Deadly Sins
Pride
50.5%
Television
Gilligan's Island Castaways
Jonas 'Skipper' Grumby
49.6%
Television
Gilligan's Island Castaways
'Professor' Roy Hinkley
49.2%
Television
Gilligan's Island Castaways
Mary Ann Summers
48%
Science
Base SI Units
Meter
47.8%
Languages
Vowels in the Greek Alphabet
Iota
46.3%
Sports
Heptathlon Events
Shot put
46.3%
Languages
Vowels in the Greek Alphabet
Eta
46%
Music
Peter and the Wolf Characters/Instruments
Hunters (Percussion)
44.7%
Sports
Heptathlon Events
100 meters hurdles
44.6%
Hint Answer % Correct
Music
Peter and the Wolf Characters/Instruments
Wolf (French Horns)
42.1%
Television
Gilligan's Island Castaways
'His Wife' Eunice Wentworth 'Lovey' Howell
41.8%
Television
Gilligan's Island Castaways
'Millionaire' Thurston Howell III
41.7%
History
Wonders of the Ancient World
Colossus of Rhodes
41.5%
Music
Peter and the Wolf Characters/Instruments
Duck (Oboe)
41.4%
Music
Peter and the Wolf Characters/Instruments
Cat (Clarinet)
40.6%
Science
Base SI Units
Kilogram
37.8%
Languages
Vowels in the Greek Alphabet
Upsilon
36.8%
History
Wonders of the Ancient World
Lighthouse of Alexandria
35.5%
Languages
Vowels in the Greek Alphabet
Omicron
31.8%
Sports
Heptathlon Events
200 meters
28.5%
Music
Peter and the Wolf Characters/Instruments
Grandfather (Bassoon)
27.3%
Movies
Original Magnificent Seven Actors
Yul Brynner
26.7%
History
Wonders of the Ancient World
Statue of Zeus at Olympia
26.2%
Science
Base SI Units
Second
25.9%
Sports
Heptathlon Events
800 meters
25.2%
Movies
Original Magnificent Seven Actors
Steve McQueen
24%
Science
Base SI Units
Ampere
21.3%
Movies
Original Magnificent Seven Actors
Charles Bronson
20.5%
History
Wonders of the Ancient World
Temple of Artemis at Ephesus
18.5%
Science
Base SI Units
Kelvin
18.3%
Miscellaneous
Seven Sisters Colleges
Smith
17.6%
Miscellaneous
Seven Sisters Colleges
Vassar
17.2%
History
Wonders of the Ancient World
Mausoleum at Halicarnassus
16.9%
Miscellaneous
Seven Sisters Colleges
Wellesley
15.9%
Miscellaneous
Seven Sisters Colleges
Bryn Mawr
15.2%
Miscellaneous
Seven Sisters Colleges
Radcliffe
12.6%
Miscellaneous
Seven Sisters Colleges
Barnard
11.9%
Science
Base SI Units
Mole
11.5%
Miscellaneous
Seven Sisters Colleges
Mount Holyoke
11.3%
Science
Base SI Units
Candela
11%
Movies
Original Magnificent Seven Actors
James Coburn
10.9%
Movies
Original Magnificent Seven Actors
Robert Vaughn
10.2%
Movies
Original Magnificent Seven Actors
Brad Dexter
5.4%
Movies
Original Magnificent Seven Actors
Horst Buchholz
5.3%

You're not logged in!

Compare scores with friends on all Sporcle quizzes.
OR
Log In

Show Comments

Extras

Top Quizzes Today


Score Distribution

Your Account Isn't Verified!

In order to create a playlist on Sporcle, you need to verify the email address you used during registration. Go to your Sporcle Settings to finish the process.

Report this User

Report this user for behavior that violates our Community Guidelines.

Details: